00425nam a22001457a 4500008004100000020001500041050002600056100003500082245003300117260004200150300002400192521001900216650002200235700002200257151001b xxu||||| |||| 00| 0 eng d a0789444127 aREF RC 81 .A5386 1999 aAmerican College of Physicians aComplete Home Medical Guide/ aNew York:bDK Publishing, Inc.c1999. a1104p. :ill.c26 cm aincludes index aMedicine, Popular aGoldmann David R.